1363 1780 1139 1589 1840 1414 1493 1116 1579 1560 1159 1174 1156 1003 1556 1632 1301 1020 1848 1196 1794 1549 1084 1423 1907 1570 1541 1535 1433 1559 1971 1909 1602 1712 1537 1135 1518 1618 1350 1265 1024 1323 1581 1262 1396 1003 1011 1637 1841 1061 1256 1709 1883 1376 1368 1490 1478 1958 1671 1072 1040 1433 1988 1665 1419 1206 1924 1449 1242 1038 1467 1003 1341 1003 1180 1079 1152 1272 1583 1969 1663 1677 1090 1392 1952 1944 1959 1364 1908 1312 1444 1309 1904 1736 1519 1488 1880 1769 1291 BCNSPRNW ULIB Ver.6.0+V

เปลี่ยนเป็นภาษาไทย

Change to English
 แสดงรายละเอียดบรรณานุกรม
  กลับหน้าหลัก

Brief Record : Get Marc (ISO 2709) : E-mail record : QR code < ปิดหน้าต่าง
LEADER : 00000nam 2200000uu 4500
001    13399120910
003     ULIB
008    121024s2545||||th 000 0 tha d
099    วพ.WD100^bล145ส
100 0  ลลิตา แจ่มจำรัส
245 00 สถิติวิเคราะห์พฤติกรรมการบริโภคของนักเรียนระดับประถมศึกษาตอนปลายที่มีภาวะโภชนาการเกิน ในจังหวัดกำแพงเพชร/^cลลิตา แจ่มจำรัส
260    เชียงใหม่:^bการค้นคว้าอิสระเชิงวิทยานิพนธ์ วิทยาศาสตรมหาบัณฑิต สาขาวิชาสถิติประยุกต์ มหาวิทยาลัยเชียงใหม่,^c2545
300    85 แผ่น
650  7 พฤติกรรมการบริโภค^xวิทยานิพนธ์
650  7 ภาวะโภชนการเกิน^xวิทยานิพนธ์
945    ^p0^l0^i032873
995    เกษร
999    ^aใช้งานได้ทุกระบบ
รายการนี้ยังไม่มีแท็ก
คุณยังไม่ได้ล็อกอิน คุณสามารถมีกิจกรรมร่วมกับเว็บไซต์ได้ แต่ต้องล็อกอินก่อน ::
  ล็อกอิน

รายการสื่อสารสนเทศ

ลำดับที่ ประเภท เลขเรียก/บาร์โค้ด สถานที่ สถานะ
1. วิทยานิพนธ์
วิทยานิพนธ์
วพ.WD100 ล145ส  
  Barcode: 032873
ห้องสมุดวิทยาเขตสวรรค์ประชารักษ์
►วิจัย
บนชั้น

BibComment


ยังไม่เคยถูกคอมเมนท์

คอมเมนท์ทรัพยากรรายการนี้
  คอมเมนท์: สถิติวิเคราะห์พฤต..


 Copyright 2026. Bcnsprnw @Library